Normal view
MARC view
- Rubinoff, Arthur G
Entry Personal Name
001 - CONTROL NUMBER
- control field: 3303
003 - CONTROL NUMBER IDENTIFIER
- control field: OSt
005 - DATE AND TIME OF LATEST TRANSACTION
- control field: 20170511104224.0
008 - FIXED-LENGTH DATA ELEMENTS
- fixed length control field: 170511|| aca||aabn | a|a d
040 ## - CATALOGING SOURCE
- Original cataloging agency: OSt
- Transcribing agency: OSt
100 ## - HEADING--PERSONAL NAME
- Personal name: Rubinoff, Arthur G
- Dates associated with a name: 1942-
- Fuller form of name: Arthur Gerald),
670 ## - SOURCE DATA FOUND
- Source citation: Work cat.: (OSt): International conflict and conflict management , 1984.

PORTAL AKMAL
E-MEL JKDM
AKMAL2U
G-BAM
u-PUSTAKA